000 00526nam a22001697a 4500
003 0
005 20230619101608.0
008 230619b xxu||||| |||| 00| 0 eng d
020 _a978-971-630-174-8
082 _aFil. 499.211111
_b.Ti594 2017
245 _aAlpabetong Filipino
_cTiongson, Nicanor
260 _aMakati City
_bTahanan Books for Young Readers
_cC2013
300 _bcol. ill.
_c31cm.
500 _aFilipino language-Alphabet.
500 _aFilipino language-Alphabet-Juvenile literature.
942 _2ddc
_cBK
999 _c365009
_d365009